| 000 | 00763nam a2200241Ia 4500 | ||
|---|---|---|---|
| 003 | OSt | ||
| 005 | 20260218113905.0 | ||
| 008 | 220923b |||||||| |||| 00| 0 eng d | ||
| 037 | _cGeneral Book | ||
| 040 |
_aRTL _cRTL _beng |
||
| 041 |
_2eng _aeng |
||
| 084 |
_aY5.73.N5 J4;K6/TD _qRTL |
||
| 100 |
_aBendix Reinhard _992120 |
||
| 245 | 0 | _aClass, status and power: Social stratification in Comparative Perspective | |
| 250 | _a2 | ||
| 260 |
_aNew York _bFree Press _c1966 |
||
| 300 |
_axviii, 677 p. _bincludes bibliographical references and index |
||
| 650 |
_aSocial Stratification _9229881 |
||
| 700 |
_aLipset Seymour Martin _992942 |
||
| 760 | _b2nd | ||
| 942 |
_hY5.73.N5 J4;K6/TD _cTB _2CC _n0 |
||
| 999 |
_c624271 _d624271 |
||